000 01270cam a2200133 4500500
005 20250921001208.0
041 _afre
042 _adc
100 1 0 _aLe Jallé, Éléonore
_eauthor
245 0 0 _aL'autorégulation chez Hume
260 _bPresses Universitaires de France,
_c2005.
520 _aUne autorégulation caractérise chez Hume les principes d’une nature humaine analysée résolument comme système autorégulé. C’est aussi par une autorégulation que peut se caractériser la science de la nature humaine, son corrélat. Telles sont les formulations modernes que ce livre se propose d’ppliquer à cette «inventivité» de la nature humaine qui, aux moments des critiques du jeu antagoniste de ses principes, effectue les «changements de direction»destinés àassurer les rééquilibrages indispensables à sa survie ; celui du système de l’entendement avec la mise en jeu de l’imagination dont la logique vitale préserve des excès de la logique stricte, celui du système des passions que «l’amour du gain» réoreinte spontanément vers une construction autorégulée d’artifices et de conventions.
856 4 1 _uhttps://shs.cairn.info/l-autoregulation-chez-hume--9782130536994?lang=fr&redirect-ssocas=7080
999 _c1504490
_d1504490